Юон : (Record no. 249684)
[ view plain ]
| 000 -LEADER | |
|---|---|
| fixed length control field | 00908n m a2200229 u 4500 |
| 001 - CONTROL NUMBER | |
| control field | 000673253 |
| 003 - CONTROL NUMBER IDENTIFIER | |
| control field | AM-YeHGA |
| 005 - DATE AND TIME OF LATEST TRANSACTION | |
| control field | 20250617142026.0 |
| 008 - FIXED-LENGTH DATA ELEMENTS--GENERAL INFORMATION | |
| fixed length control field | 090708s1973 ||||| |||||||||||||rus|c |
| 040 ## - CATALOGING SOURCE | |
| Original cataloging agency | AM-YeHGA |
| 041 0# - LANGUAGE CODE | |
| Language code of text/sound track or separate title | rus |
| 090 ## - LOCALLY ASSIGNED LC-TYPE CALL NUMBER (OCLC); LOCAL CALL NUMBER (RLIN) | |
| -- | 251279 |
| 245 00 - TITLE STATEMENT | |
| Title | Юон : |
| Remainder of title | [Альбом репродукций] / |
| Statement of responsibility, etc. | Вступ. ст. Л. Ромашкова. |
| 260 ## - PUBLICATION, DISTRIBUTION, ETC. | |
| Place of publication, distribution, etc. | Москва : |
| Name of publisher, distributor, etc. | Изобразительное искусство, |
| Date of publication, distribution, etc. | 1973. |
| 300 ## - PHYSICAL DESCRIPTION | |
| Extent | без нумер. стр. : |
| Other physical details | репрод. ; |
| Dimensions | 35 см. |
| 440 #0 - SERIES STATEMENT/ADDED ENTRY--TITLE | |
| Title | Образ и цвет |
| 500 ## - GENERAL NOTE | |
| General note | Собрание Государственной Третьяковской галереи |
| 600 14 - SUBJECT ADDED ENTRY--PERSONAL NAME | |
| Personal name | Юон, Константин Федорович |
| Dates associated with a name | 1875-1958 |
| 650 14 - SUBJECT ADDED ENTRY--TOPICAL TERM | |
| Topical term or geographic name entry element | Живопись |
| Geographic subdivision | Россия |
| 653 0# - INDEX TERM--UNCONTROLLED | |
| Uncontrolled term | Художники русские |
| 700 1# - ADDED ENTRY--PERSONAL NAME | |
| Personal name | Ромашова, Л. |
| Relator term | авт. вступ. ст. |
| Relationship | aui |
| Withdrawn status | Lost status | Damaged status | Not for loan | Collection | Home library | Current library | Date acquired | Total checkouts | Full call number | Barcode | Date last seen | Price effective from | Koha item type | Public note |
|---|---|---|---|---|---|---|---|---|---|---|---|---|---|---|
| General | Fundamental Scientific Library | Fundamental Scientific Library | 29/12/2016 | PIII/35306 | FL0372706 | 29/12/2016 | 29/12/2016 | Գրքեր / Books | 30 Days Loan |
ՀՀ Գիտությունների ազգային ակադեմիայի հիմնարար գիտական գրադարան = Fundamental Scientific Library of NAS RA
All site content, except where otherwise noted, is licensed under a